<?xml version="1.0" encoding="UTF-8"?>
<collection xmlns="http://www.loc.gov/MARC21/slim">
 <record>
  <leader>00853nam a22002297a 4500</leader>
  <controlfield tag="001">BD-DhAAL</controlfield>
  <controlfield tag="003">BD-DhAAL</controlfield>
  <controlfield tag="005">20160505100409.0</controlfield>
  <controlfield tag="008">160505s    1993us a|||| |||| 00| 0 eng d</controlfield>
  <datafield tag="020" ind1=" " ind2=" ">
   <subfield code="a">1561342521</subfield>
  </datafield>
  <datafield tag="040" ind1=" " ind2=" ">
   <subfield code="a">BD-DhAAL</subfield>
   <subfield code="c">BD-DhAAL</subfield>
  </datafield>
  <datafield tag="082" ind1=" " ind2=" ">
   <subfield code="a">324.973</subfield>
  </datafield>
  <datafield tag="100" ind1=" " ind2=" ">
   <subfield code="a">Crotty, William J </subfield>
   <subfield code="9">19403</subfield>
  </datafield>
  <datafield tag="245" ind1=" " ind2=" ">
   <subfield code="a">America's choice : </subfield>
   <subfield code="b">the election of 1992 /</subfield>
   <subfield code="c">William J Crotty</subfield>
  </datafield>
  <datafield tag="260" ind1=" " ind2=" ">
   <subfield code="a">Guilford, Conn. : </subfield>
   <subfield code="b">Dushkin Pub. Group,</subfield>
   <subfield code="c"> 1993.</subfield>
  </datafield>
  <datafield tag="300" ind1=" " ind2=" ">
   <subfield code="a">viii, 200 pages :</subfield>
   <subfield code="b">illustrations ;</subfield>
   <subfield code="c"> 28 cm</subfield>
  </datafield>
  <datafield tag="541" ind1=" " ind2=" ">
   <subfield code="e">3363</subfield>
  </datafield>
  <datafield tag="650" ind1=" " ind2=" ">
   <subfield code="a">Presidents</subfield>
   <subfield code="x">Election </subfield>
   <subfield code="y">1992. </subfield>
   <subfield code="z">United States </subfield>
   <subfield code="9">19404</subfield>
  </datafield>
  <datafield tag="852" ind1=" " ind2=" ">
   <subfield code="a">Savar Campus Library: </subfield>
   <subfield code="c">General Shelf</subfield>
  </datafield>
  <datafield tag="942" ind1=" " ind2=" ">
   <subfield code="2">ddc</subfield>
   <subfield code="c">BK</subfield>
  </datafield>
  <datafield tag="999" ind1=" " ind2=" ">
   <subfield code="c">37521</subfield>
   <subfield code="d">37521</subfield>
  </datafield>
  <datafield tag="952" ind1=" " ind2=" ">
   <subfield code="0">0</subfield>
   <subfield code="1">0</subfield>
   <subfield code="2">ddc</subfield>
   <subfield code="4">0</subfield>
   <subfield code="6">324_973000000000000_CRO</subfield>
   <subfield code="7">0</subfield>
   <subfield code="9">58925</subfield>
   <subfield code="a">SCL</subfield>
   <subfield code="b">SCL</subfield>
   <subfield code="c">GEN</subfield>
   <subfield code="d">2016-05-05</subfield>
   <subfield code="e">Gift: The Asia Foundation</subfield>
   <subfield code="l">0</subfield>
   <subfield code="o">324.973 CRO</subfield>
   <subfield code="p">3020003363</subfield>
   <subfield code="r">2016-05-05</subfield>
   <subfield code="t">1</subfield>
   <subfield code="w">2016-05-05</subfield>
   <subfield code="y">BK</subfield>
  </datafield>
 </record>
</collection>
